[Event "Tan Chin Nam Cup 3rd "]
[Site "Beijing"]
[Date "1997.??.??"]
[Round "10"]
[White "Tiviakov, Sergei"]
[Black "Alterman, Boris"]
[Result "1-0"]
[WhiteElo "2590"]
[BlackElo "2615"]
[Annotator "Hansen,Cu"]
[PlyCount "151"]
[EventDate "1997.08.11"]
[EventType "tourn"]
[EventRounds "11"]
[EventCountry "CHN"]
[EventCategory "12"]
[SourceTitle "CBM 061"]
[Source "ChessBase"]
[SourceDate "1997.11.23"]
[SourceVersion "1"]
[SourceVersionDate "1997.11.23"]
[SourceQuality "1"]

{This game is first of all interesting because it is played by the two leading
Sicilian-Dragon experts at the moment. Seen from blacks point of view. Of
course the question is whether Tiviakov rearly wanted to refute his pet-line ?
} 1. e4 {Schulz,A Dolmatov} c5 2. Nf3 d6 3. d4 cxd4 4. Nxd4 Nf6 5. Nc3 g6 6.
Be3 Bg7 7. f3 Nc6 8. Qd2 O-O 9. Bc4 Bd7 10. O-O-O Ne5 11. Bb3 Rc8 12. Kb1 {
A solid move but not rearly supposed to be very dangerous for black. According
to my old opening-books. However there has been a couple of interesting games
the last couple of years by the two experts. So maybe the assesment of 12.Kb1
will change /has changed. Anders als in den Hauptabspielen nach 12.h4 mit
hastigen gegenseitigen Rochadeangriffen läßt Weiß sich hier Zeit und bereitet
seinen Angriff in Ruhe vor. Beide Spieler sind übrigens führende Experten der
Drachenvariante.} (12. h4 {Schulz,A} h5 13. Kb1 {ist das analoge Abspiel mit
eingeschobenem 12.h4 h5.}) 12... Nc4 {Schulz: Das Standardmanöver. Ich findes
es immer schade, wenn man diesen gut postierten Springer ohne Not zum Tausch
bietet. Von seinem schönen Platz auf e5 schaut er auf d3, g4 und vor allem f3,
und in der Defensive deckt er f7 und g6. Der Bb3 leistet hingegen im Moment
nicht besonders viel und nach b7-b5, a7-a5 würde er sogar zum Angriffsobjekt
werden. Die Frage ist allerdings, welchen nützlichen Zug Schwarz hier
überhaupt zur Verfügung hat, um ein Spiel am Damenflügel zu beginnen.} (12...
a5 $5 {is a way to try to make use of the time black gets because of whites
non-forcing 12th move.} 13. a4 {could be critical i guess}) (12... Qe8 $5 {
Sziraki,T (2255)-Farago,S (2360) Budapest FS12 IM 1995 (9) 0-1 Schulz,A ist
aber eine witzige Idee, um zu b7-b5 und a7-a5 zu kommen, vgl.:}) 13. Bxc4 Rxc4
14. g4 {Schulz: Diese Stellung hatte beide Spieler schon eimal mit Schwarz auf
dem Brett.} Qc7 $5 {Black has had problems after the standard move: So hat
Alterman schon einmal gegen Kolev, s.u., gespielt. Dieser Zug wurde von
Kortschnoj/Dolmatov kritisiert.} (14... b5 15. b3 Rc8 16. Ndxb5 Qa5 17. a4 a6
18. Nd5 Qxd2 19. Nxe7+ Kh8 20. Rxd2 Rce8 21. Nxg6+ fxg6 22. Nxd6 Re6 23. Nb7
$16 {Topalov,Veselin-Tiviakov,Sergei/Polanica Zdroj (07)/ 1995 (31)}) ({
Dolmatov schlug als Alternative} 14... Qb8 {Schulz,A}) ({und} 14... Be6 $5 {
Schulz,A vor.}) 15. g5 Nh5 16. Nd5 Qd8 17. Ne2 Be6 {Altermans Verbesserung.} (
17... e6 18. Ndf4 Nxf4 19. Nxf4 Rc6 20. h4 Qc7 21. h5 Rc8 22. Rc1 Ra6 23. hxg6
(23. c4 $16) 23... hxg6 24. c4 $16 {Schulz,A} Qa5 (24... Rc6 25. Bd4 Z0 26.
Bxg7 $140 Kxg7 27. Qh2 $18) 25. Qxa5 Rxa5 {1-0 Kolev,A-Alterman,B/Elenite 1995/
CBM 50/[Kortschnoj] (40)}) 18. Qd3 (18. Ng3 Bxd5 (18... Nxg3 19. hxg3 Bxd5 (
19... Z0 20. Qh2 $140 $40 {ist natürlich günstig für Weiß.}) 20. exd5 $16 {
Dolmatov}) 19. exd5 (19. Qxd5 Qc7 $132) 19... Qd7 {seems reasonable for black}
20. b3 $5 {Schulz} (20. Nxh5 gxh5 {und Schwarz hat gutes Gegenspiel, während
Weiß Schwierigkeiten hat am Königsflügel Linien zu öffnen.})) 18... Bxd5 19.
exd5 Ra4 $6 {After this black is forced into an uncomfortable endgame. sieht
seltsam aus, aber} (19... Qc7 $5 20. b3 (20. h4 Rc8 21. Rd2 Qa5 $40) 20... Rh4
21. Bf2 (21. f4 Rh3 {and the R could be strange and well-placed on the flank})
21... Nf4 $1 $11 {seems playable}) (19... b5 {Schulz,A} 20. b3 {ist unangenehm.
}) 20. Qb5 (20. b3 $2 {Schulz,A} Rxa2 21. Kxa2 $140 Qa5+ 22. Kb1 Qa1#) 20...
Qa5 21. Qxa5 Rxa5 22. Ng3 Rc8 (22... Nxg3 23. hxg3 {would be rather
problematic in the middlegame with queens on the board. Without queens it
seems to me to be a playable slightly worse position.} Rc8) 23. Nxh5 gxh5 24.
b3 {[%cal Yc2c4]} b5 25. Bd2 Bc3 (25... Ra6 26. Rhe1 Kf8 27. Re4 {[%csl Rh5]
[%cal Ye4h4,Yh4h5]}) 26. Rhe1 Kf8 27. Re3 Bxd2 28. Rxd2 b4 29. f4 Rac5 $6 {
Black is given up a P for active play with his Rs} (29... Rcc5 $14 30. Rd4 (30.
Red3 {Schulz,A}) 30... Rab5 31. Red3 a5 32. Kb2 {[%cal Ya2a3] /\a2-a3}) 30. Rh3
Rc3 31. Rxh5 Kg7 32. Rf2 R8c5 33. f5 Re3 (33... Rxd5 34. f6+ Kg8 35. fxe7 Re3
36. Rf4 a5 37. g6 Rd1+ 38. Kb2 hxg6 39. Rxa5 Rxe7 40. Rxb4 $16) 34. f6+ Kg8 (
34... exf6 35. gxf6+ Kg6 36. Rh4 Rxd5 37. Rxb4 Rf5 38. Rxf5 Kxf5 39. Rb7 $16)
35. Rh4 a5 36. Rd4 $16 {White has managed to get his rook from h5 back to the
center. He is now a safe P up} Kf8 37. fxe7+ Kxe7 38. h4 (38. Rdf4 $2 {Schulz,A
} Rxd5 39. Rxf7+ Ke8 (39... Ke6 $4 40. R2f6+ Ke5 41. Re7+ Kd4 42. Rf4+ $18) 40.
h4 Rd1+ 41. Kb2 Ree1 $132) 38... Ke8 39. Kb2 Re5 40. Rfd2 Kf8 41. a3 $1 {
making his P-majority mobile} bxa3+ (41... Rb5 42. axb4 axb4 43. Rf4 {[%cal
Yd2d4,Yd4b4] /\Rdd4}) 42. Kxa3 h6 43. gxh6 Rh5 44. c4 Rxh6 45. Re2 Rf6 46. Rde4
Rc8 47. Re7 Rb8 48. Ra7 Rf3 49. Rb2 Rf1 ({Mit} 49... Rh3 {Schulz,A kann man
noch etwas im Trüben fischen und auf Fehler hoffen.} 50. Rxa5 (50. Rd7 Rb4)
50... Rxh4 51. Ra6 Rh1 52. Ka2 (52. Rxd6 $4 Ra1+ 53. Ra2 Ra8+) 52... Rb7 53.
Re2 (53. Rxd6 $4 Ra7+ $19) 53... Rh3 54. Rxd6 Rhxb3 $16) 50. Ka2 (50. Rxa5 {
Schulz,A} Ra1+ 51. Ra2 Rb1 $16) 50... f5 51. h5 Rh1 52. Rxa5 $18 Rxh5 53. Ra6
Rd8 54. Ra7 f4 55. Rf2 Rh4 (55... Rf5 $5 {Schulz,A}) 56. Kb2 Rb8 57. Rf3 Rg4
58. Rh7 Kg8 59. Rh6 Kg7 60. Rxd6 Rg3 61. Rxg3+ (61. Rxf4 $2 {Schulz,A} Rbxb3+
62. Kc2 Ra3) 61... fxg3 62. Re6 g2 63. Re1 Kf7 64. Rg1 Rg8 65. Kc3 Ke7 66. Kd4
Kd6 67. c5+ Kd7 68. b4 Rg4+ 69. Ke5 Rg5+ 70. Ke4 Rg4+ 71. Kf3 Rd4 (71... Rxb4 {
Schulz,A} 72. Rxg2 Rc4 73. Rg7+ Kc8 74. c6 Rd4 75. Rd7 $18) 72. Rxg2 Rxd5 73.
Ke4 Rd1 74. b5 Kc7 75. Rg7+ Kb8 76. b6 1-0

[Event "Budapest FS06 GM"]
[Site "Budapest"]
[Date "1995.??.??"]
[Round "2"]
[White "Metz, Hartmut"]
[Black "Farago, Sandor"]
[Result "1/2-1/2"]
[WhiteElo "2315"]
[BlackElo "2360"]
[Annotator "Hecht,H"]
[PlyCount "174"]
[EventDate "1995.06.??"]
[EventType "tourn"]
[EventRounds "11"]
[EventCountry "HUN"]
[EventCategory "9"]
[SourceTitle "CBM 049"]
[Source "ChessBase"]
[SourceDate "1995.12.01"]
[SourceVersion "1"]
[SourceVersionDate "1995.12.01"]
[SourceQuality "1"]

1. e4 c5 2. Nf3 d6 3. d4 cxd4 4. Nxd4 Nf6 5. Nc3 g6 6. Be3 Bg7 7. f3 O-O 8. Bc4
Nc6 9. Qd2 Bd7 10. O-O-O Ne5 11. Bb3 Rc8 12. Kb1 Nc4 13. Bxc4 Rxc4 14. h4 h5
15. Nb3 Qc7 16. Bg5 Be6 17. Nb5 Qb6 18. N5d4 Rfc8 19. Be3 Qc7 20. Nxe6 fxe6 21.
Rc1 d5 22. exd5 Nxd5 23. Bh6 Bh8 24. Rhe1 Qb6 25. Re4 Kh7 26. g4 Rxe4 27. fxe4
Nf6 28. gxh5 Nxh5 29. Be3 Qc6 30. Qg2 Bf6 31. Rg1 Rg8 32. Qg4 Qd6 33. Nc5 Qe5
34. Nd3 Qh2 35. Bg5 e5 36. Rg2 Qh1+ 37. Rg1 Qh2 38. Rg2 Qh1+ 39. Rg1 Qh2 40.
Rd1 Qg3 41. Rg1 Qxg4 42. Rxg4 Rd8 43. Kc1 Ng7 44. Be3 b6 45. Nb4 Ne6 46. Nd5
Kg7 47. c3 Rh8 48. Bf2 Kf7 49. Kd2 g5 50. hxg5 Bxg5+ 51. Ke2 Rh2 52. Kf1 Rh1+
53. Rg1 Rxg1+ 54. Bxg1 Bc1 55. Bh2 Bxb2 56. Bxe5 Nc5 57. Ke2 Nxe4 58. Kd3 Nc5+
59. Kc4 Nd7 60. Bf4 Ba3 61. Kb5 e6 62. Nb4 a5 63. Nd3 Kf6 64. Bc7 Kf5 65. Kc6
Nc5 66. Nf2 Na4 67. Nd1 Ke4 68. Kb5 Nb2 69. Nxb2 Bxb2 {L-L bei geringer
Bauernzahl; je 1 Freibauer; Achtung! - falscher Randbauer} 70. c4 Kd3 71. Bxb6
a4 (71... e5 72. c5 e4 73. c6 Be5 74. c7 Bxc7 75. Bxc7 a4 76. Kxa4 Kc4 77. Ka5
Kc5 78. Bb6+ Kc6 79. Ka6 $18) 72. c5 a3 (72... Be5 73. Kxa4 Kc4 74. c6 Bd6 75.
Ka5 Kd5 76. Kb5 (76. c7 $2 Bxc7 77. Bxc7 Kc6 78. Bf4 Kb7 $10) 76... e5 77. c7
$18) 73. c6 Be5 74. Bc5 (74. Ka6 Kc2 75. Kb7 (75. Bc5 Kb2 (75... Kb1 76. Bxa3
Kxa2 77. Bc5 Kb3 78. Ba7 Kc4 79. Kb7 Kd5 $10) 76. Bd4+ Bxd4 77. c7 Kxa2 78.
c8=Q Kb2 79. Qb7+ $18) 75... Kb1 76. Ba7 Kxa2 77. Bb8 Bxb8 78. Kxb8 Kb2 $10)
74... Kc2 75. Ka4 $2 (75. Bxa3 $1 Kb1 76. Bb2 $1 (76. Bd6 Bxd6 77. a4 e5 78. a5
e4 79. Kc4 Kc2 80. Kd4 e3 81. Kxe3 Kc3 82. a6 Bb8 83. Ke4 $18) 76... Bb8 77. a4
Kxb2 78. a5 e5 79. a6 e4 80. a7 Bxa7 81. c7 $18) 75... Kc3 $1 (75... Kb2 $2 76.
Bd4+ Bxd4 77. c7 Kxa2 78. c8=Q $18 Kb2) 76. Bxa3 (76. Kb5 $1 Kb2 77. Bd4+ Bxd4
78. c7 Kxa2 79. c8=Q Kb2 80. Qxe6 a2 81. Qe2+ Kb1 (81... Kb3 82. Qc4+ Kb2 83.
Qxd4+ $18) 82. Qd1+ Kb2 83. Qxd4+ Kb1 84. Qd1+ Kb2 85. Qd2+ Kb1 86. Kb4 a1=Q
87. Kb3 $18) 76... Kc4 77. Ka5 Bc7+ $1 78. Ka6 e5 79. Kb7 Ba5 80. Bd6 e4 81.
Bf4 Kb5 82. Be3 Bd8 83. Bd4 Ba5 84. Bg1 Bd8 85. Be3 Ba5 86. a4+ Kxa4 87. c7
Bxc7 1/2-1/2

[Event "Olympiad-31"]
[Site "Moscow"]
[Date "1994.12.05"]
[Round "5.1"]
[White "Yudasin, Leonid"]
[Black "Ljubojevic, Ljubomir"]
[Result "1-0"]
[WhiteElo "2625"]
[BlackElo "2580"]
[Annotator "Hecht,H"]
[PlyCount "143"]
[EventDate "1994.12.01"]
[EventType "team-swiss"]
[EventRounds "14"]
[EventCountry "RUS"]
[SourceTitle "CBM 045"]
[Source "ChessBase"]
[SourceDate "1995.04.01"]
[SourceVersion "1"]
[SourceVersionDate "1995.04.01"]
[SourceQuality "1"]
[WhiteTeam "Israel"]
[BlackTeam "Serbia & Montenegro"]
[WhiteTeamCountry "ISR"]
[BlackTeamCountry "YUG"]

1. e4 c5 2. Nf3 d6 3. d4 cxd4 4. Nxd4 Nf6 5. Nc3 g6 6. Be3 Bg7 7. f3 Nc6 8. Qd2
O-O 9. Bc4 Bd7 10. h4 Rc8 11. Bb3 h5 12. O-O-O Ne5 13. Bg5 Rc5 14. g4 hxg4 15.
f4 Nc6 16. e5 Nxd4 17. Qxd4 Bc6 18. Rhe1 Bf3 19. Rd2 Nh7 20. Qxc5 dxc5 21. Rxd8
Rxd8 22. Bxe7 Rc8 23. Bd5 Bf8 24. Bxf3 gxf3 25. Bg5 Kg7 26. Rf1 f6 27. exf6+
Nxf6 28. Rxf3 Rc6 29. Rd3 c4 30. Rd8 a6 31. Nd5 Nxd5 32. Rxd5 Rd6 33. Re5 Rd7
34. c3 Bd6 35. Re4 b5 36. Re6 a5 37. Kc2 a4 38. a3 Bc7 39. Rc6 Rf7 40. Rc5 Bxf4
41. Rxb5 Bxg5 42. Rxg5 (42. hxg5 $5 Rf5 43. Rb7+ Kf8 (43... Rf7 44. Rb4 $17)
44. Rb4 Rxg5 45. Rxc4 Rg2+ (45... Ra5 $5 46. Rg4 g5 47. c4 Kf7 48. Kc3 Kf6 49.
Kb4 Ra8 50. Rg2 Kf5 $132 {Analyse!}) 46. Kb1 Rg1+ 47. Ka2 g5 48. Rxa4 g4 49.
Rd4 Ke7 50. a4 g3 51. a5 Kf6 52. Rg4 Kf5 53. Rg8 Kf4 54. a6 $18) 42... Rf2+ $18
{The black Pc4 and Pa4 are too weak.} 43. Kb1 Rf1+ 44. Ka2 Rf5 45. Rg4 Rc5 46.
Kb1 Kh6 47. Kc2 Kh5 48. Re4 Rc6 49. Kd2 Rd6+ 50. Ke2 Rc6 51. Ke3 Rc8 52. Kd4
Rb8 53. Kxc4 Rxb2 54. Kd3 g5 55. hxg5 Kxg5 56. Rxa4 Kf6 57. Re4 Ra2 58. Kd4 $1
$18 (58. a4 Kf5 59. Rb4 Ke5 60. Kc4 Kd6 61. Kb5 Kc7 62. Rh4 $16 Rb2+) 58...
Rxa3 59. c4 Ra8 60. Kd5 Rd8+ 61. Kc6 Kf5 62. Re7 Kf6 63. Rd7 Ra8 64. Kd5 Ra1
65. c5 Rd1+ 66. Kc6 Rc1 67. Kd6 Rd1+ 68. Kc7 Rc1 69. c6 Ke6 70. Rd2 Rc3 71. Kb7
Rb3+ 72. Kc8 1-0

[Event "Itau Mercosul Cup 3rd"]
[Site "Sao Paulo"]
[Date "1999.??.??"]
[Round "9"]
[White "Vescovi, Giovanni P"]
[Black "Braga, Cicero Nogueira"]
[Result "1/2-1/2"]
[WhiteElo "2522"]
[BlackElo "2405"]
[Annotator "Hindemburg,Melao"]
[PlyCount "106"]
[EventDate "1999.10.??"]
[EventType "swiss"]
[EventRounds "9"]
[EventCountry "BRA"]
[SourceTitle "EXT 2000"]
[Source "ChessBase"]
[SourceDate "1999.11.16"]
[SourceVersion "1"]
[SourceVersionDate "1999.11.16"]
[SourceQuality "1"]

1. e4 c5 2. Nf3 d6 3. Nc3 Nc6 4. d4 cxd4 5. Nxd4 g6 6. Be3 Nf6 7. f3 Bg7 8. Qd2
O-O 9. Bc4 ({Outra opção de combater a Dragão й} 9. O-O-O {conservando o Bispo
do Rei em 'f1'. Com isso as Brancas economizam dois tempos, por outro lado,
não conseguem manter o controle dos pontos d5, e6.}) 9... Bd7 10. O-O-O Ne5 11.
Bb3 Rc8 12. h4 h5 13. Kb1 Nc4 14. Bxc4 Rxc4 15. Nce2 (15. Nde2 b5 16. Bh6 Qa5
17. Bxg7 Kxg7 18. Nf4 Rfc8 19. Ncd5 Qxd2 20. Rxd2 Nxd5 21. Nxd5 Kf8 22. Re1 Rb8
23. b3 Rc5 24. Nf4 Rbc8 25. Kb2 a5 26. a3 Kg7 27. Nd5 Be6 28. b4 axb4 29. axb4
Rc4 30. Nb6 Rxb4+ 31. Ka3 Rxc2 {0-1 Anand,V-Kasparov,G/New York 1995/[Kasparov,
G] (31)}) (15. Nb3 Qc7 16. Bd4 Be6 17. g4 hxg4 18. h5 gxh5 19. Bxf6 exf6 20.
Rxh5 Rc8 21. Rdh1 Rxc3 22. bxc3 Qxc3 23. f4 Qxd2 24. Nxd2 Bxa2+ {1/2-1/2
Berelovich,A-Brodsky,I/Russia 1996/Inf 68 (24)}) 15... b5 16. Bh6 $146 (16. c3
Qb8 17. Nb3 Rfc8 18. Nec1 Qc7 19. Nd3 a5 20. Qf2 Rc6 21. Nd4 Ra6 22. Bg5 e5 23.
Bxf6 Bxf6 24. Nc2 Be6 25. Ne3 b4 26. Rc1 Qa7 27. c4 Bd8 28. Qe2 Rac6 29. g3 Bb6
30. Nd5 Bd4 {Cseshkovsky,V-Gufeld,E/USSR 1978/Inf 26/1/2-1/2 (42)}) 16... Bxh6
17. Qxh6 e5 18. Nb3 (18. Nf5 $5 gxf5 (18... Ne8 19. Nxd6 $16) (18... Bxf5 19.
exf5 $18) 19. Qg5+ (19. g4 $5 fxg4 20. Ng3 $5) 19... Kh8 20. Rxd6 Nh7 21. Qd2 (
21. Qxh5 f6 22. Rhd1 Qe8 23. Qh6 Be6 24. Ng3 $13) 21... Rc7 22. Rd1 fxe4 (22...
Nf6 $2 23. exf5 $16) 23. fxe4 f5 24. Rxd7 (24. Nf4 $2 exf4 25. e5 Qe7 $19)
24... Rxd7 25. Qxd7 Qxd7 26. Rxd7 fxe4 $13) 18... Be6 19. Qd2 {>< Pd6} Rc6 20.
Qb4 Qb6 21. Na5 Rc5 22. Nb3 Rc6 23. Nc3 Rb8 24. Na5 Rc5 25. Nb3 Rc6 26. Rd2
Bxb3 27. Qxb3 b4 28. Nd5 Nxd5 29. Qxd5 (29. exd5 Rc3 30. bxc3 bxc3 31. Rd3 Qc7
32. Rxc3 Rxb3+ 33. Rxb3 $13) 29... Qb5 30. Rhd1 Qxd5 31. Rxd5 $14 {>< d5, Pd6}
Rbb6 32. R1d3 Kf8 33. Ra5 a6 34. Rb3 Rc5 35. Rxc5 dxc5 36. c3 Ke7 37. cxb4 cxb4
38. Rd3 f5 39. Rd5 Ke6 40. Rc5 fxe4 41. fxe4 Rd6 42. Rc4 Rd1+ 43. Kc2 Rg1 44.
Rxb4 Rxg2+ 45. Kd3 Kd6 46. Ra4 Rxb2 47. Rxa6+ Kc5 48. Re6 Rxa2 49. Rxe5+ Kd6
50. Rg5 Rh2 51. Rxg6+ Ke7 52. Kd4 Rxh4 53. Rh6 Kf7 1/2-1/2

[Event "Reykjavik op"]
[Site "Reykjavik"]
[Date "1996.??.??"]
[Round "5"]
[White "Djurhuus, Rune"]
[Black "Tisdall, Jonathan D"]
[Result "0-1"]
[WhiteElo "2505"]
[BlackElo "2510"]
[Annotator "Johnson,M"]
[PlyCount "66"]
[EventDate "1996.03.??"]
[EventType "swiss"]
[EventRounds "9"]
[EventCountry "ISL"]
[SourceTitle "CBM 052"]
[Source "ChessBase"]
[SourceDate "1996.06.01"]
[SourceVersion "1"]
[SourceVersionDate "1996.06.01"]
[SourceQuality "1"]

1. e4 {Ftacnik} c5 2. Nf3 d6 3. d4 cxd4 4. Nxd4 Nf6 5. Nc3 g6 6. Be3 Bg7 7. f3
Nc6 8. Qd2 O-O 9. Bc4 Bd7 10. O-O-O Rc8 11. Bb3 Ne5 12. h4 Nc4 13. Bxc4 Rxc4
14. Kb1 Qc7 (14... b5 $1 15. h5 b4 16. Nce2 e5 17. Nb3 d5 $1 18. exd5 Bf5 19.
Na1 gxh5 $15 {Lederman-Birnboim, Israel 1977}) 15. g4 (15. h5 {White's last
two move are too slow}) 15... Rc8 16. h5 b5 17. hxg6 fxg6 18. Nd5 Nxd5 19. exd5
Be5 $1 (19... Bxd4 $4 20. Bxd4 Rxc2 21. Qh6 $18) 20. Qd3 (20. f4 $2 Bxd4 21.
Bxd4 Rxc2 $17) 20... Qb7 (20... Bxd4 21. Bxd4 Rxc2 22. Qxg6+ hxg6 23. Rh8+ Kf7
24. Rh7+ Ke8 25. Rh8+ $10) 21. Qe4 e6 22. Rxh7 $2 (22. dxe6 Bc6 23. Qd3 Bxf3 (
23... Bxd4 $2 24. Bxd4 Bxf3 25. Qxg6+ $1 Kf8 26. Qf6+ Ke8 27. Qh8+ Ke7 28.
Rxh7+ Kxe6 29. Qf6+ Kd5 30. Qxf3+ Ke6 31. Qf5#) 24. Nxf3 Qxf3 $13) 22... Kxh7
23. Rh1+ Kg7 24. Bh6+ (24. Rh6 {Ftacnik} Be8 25. Nxe6+ Kg8 26. Rxg6+ Bxg6 27.
Qxg6+ Kh8 $19) 24... Kf6 (24... Kf7 $4 25. dxe6+ Bxe6 26. Qxb7+) 25. Bg5+ (25.
g5+ {Ftacnik} Ke7 $19) 25... Kxg5 (25... Kg7 {Ftacnik} 26. Bh6+) 26. f4+ (26.
Qe3+ {Ftacnik} Bf4 27. Qe1 Kf6 $19) 26... Bxf4 27. Qe1 Kf6 28. Qh4+ (28. g5+ {
Ftacnik} Bxg5 $19) 28... g5 (28... Bg5 $2 {Ftacnik} 29. Rf1+ Kg7 30. Qxg5 $13)
29. Qh6+ Ke5 30. Nxe6 (30. Nf3+ {Ftacnik} Kxd5 $19) 30... Bxe6 31. Qxe6+ Kd4
32. c3+ Kc5 33. Rh7 Qxh7+ 0-1

[Event "Elenite"]
[Site "Elenite"]
[Date "1995.??.??"]
[Round "7"]
[White "Kolev, Atanas"]
[Black "Alterman, Boris"]
[Result "1-0"]
[WhiteElo "2500"]
[BlackElo "2595"]
[Annotator "Kortschnoj,V"]
[PlyCount "81"]
[EventDate "1995.09.??"]
[EventType "tourn"]
[EventRounds "9"]
[EventCountry "BUL"]
[EventCategory "15"]
[SourceTitle "CBM 050"]
[Source "ChessBase"]
[SourceDate "1996.02.01"]
[SourceVersion "1"]
[SourceVersionDate "1996.02.01"]
[SourceQuality "1"]

1. e4 {Dolmatov} c5 2. Nf3 d6 3. d4 cxd4 4. Nxd4 Nf6 5. Nc3 g6 6. Be3 Bg7 7. f3
O-O 8. Qd2 Nc6 9. Bc4 Bd7 10. O-O-O Rc8 11. Bb3 Ne5 12. Kb1 (12. g4 {Dolmatov}
Qa5 13. h4 Nc4 14. Bxc4 Rxc4 15. h5 Rfc8 16. Nb3 Qa6 17. hxg6 Rxc3 $13 {
Tolnai,T-Tatai,S/Budapest/1988/}) 12... Nc4 (12... a5 $1) (12... Qa5 $4 {
Dolmatov} 13. Nd5 $18) 13. Bxc4 Rxc4 14. g4 Qc7 $2 (14... Qb8 $5) (14... Be6 $5
) (14... Qa5 15. g5 (15. Nd5 $2 {Dolmatov} Qxd2 16. Nxe7+ Kh8 17. Rxd2 Re8)
15... Nh5 16. Nd5 Qxd2 (16... Qd8 {Dolmatov}) 17. Nxe7+ Kh8 18. Rxd2 $16) 15.
g5 (15. h4 {Dolmatov} Rc8 16. h5 Rxc3 17. bxc3 Qxc3 18. Qxc3 Rxc3 $44) 15...
Nh5 16. Nd5 Qd8 17. Ne2 $1 (17. Nb3 $5 {Dolmatov} e6 18. Nf4 Nxf4 19. Bxf4 d5
20. exd5 exd5) 17... e6 (17... Be6 18. Ng3 $16 (18. Ng3 {Dolmatov} Nxg3 19.
hxg3 Bxd5 20. exd5 $16)) 18. Ndf4 Nxf4 (18... Qxg5 {Dolmatov} 19. Nxe6 Qe5 20.
Nxg7 Nxg7 21. Qxd6 $16) 19. Nxf4 (19. Bxf4 {Dolmatov} Qb6 20. c3 d5 $132) 19...
Rc6 (19... Qc7 20. Qxd6 Rxc2 21. Qxc7 Rxc7 22. Bxa7 b6 23. Bxb6 Rb7 24. b3 Ba4
$44) 20. h4 Qc7 (20... f6 $2 {Dolmatov} 21. Rhg1 $16) 21. h5 Rc8 22. Rc1 (22.
c3 Qa5 $132 (22... b5 {Dolmatov} 23. hxg6 hxg6 24. Bd4 Bxd4 25. Qxd4 e5 26. Qf2
exf4 27. Qh4 Kf8 28. Qh8+ Ke7 29. Qf6+ $18) (22... Rxc3 23. bxc3 Bxc3 24. Qd3
$18) (22... Ra6 23. hxg6 hxg6 24. Bd4 $40)) 22... Ra6 (22... Rc3 23. hxg6 hxg6
24. Bd4 Rxf3 25. Bxg7 Kxg7 26. Qh2 $18) (22... b5 {Dolmatov} 23. hxg6 hxg6 24.
Bd4 Rxc2 25. Rxc2 Qxc2+ 26. Qxc2 Rxc2 27. Kxc2 Bxd4 28. Rd1 $16) 23. hxg6 $16 (
23. c4 $16) 23... hxg6 (23... Qc4 24. gxf7+ Kxf7 25. a3 $1 (25. b3 Rxa2 26. e5
Bxe5 $19) 25... Rxa3 26. bxa3 Qb5+ 27. Qb4 $18) 24. c4 Qa5 25. Qxa5 Rxa5 26.
Rcd1 Rc6 (26... Rxc4 27. Rxd6 Rc7 (27... Be8 28. Rd8 Kf8 29. Rh7 $40) 28. Rhd1
Be8 29. Rd8 Kf8 30. Ra8 $16) 27. b3 (27. c5 Kf8 28. cxd6 Be5) 27... Rca6 (27...
Be8 $5) (27... b5 28. Bd2 $16) 28. Rh2 Kf8 29. Nd3 $18 b5 (29... Ra3 30. Nc5
dxc5 31. Bxc5+ Ke8 32. Rhd2 $18) (29... Ke7 30. Bd2 $16) 30. c5 d5 31. Nb4 Bc6
32. Bd4 e5 33. Bc3 dxe4 34. Nxc6 Rxc6 35. Bxa5 exf3 36. Rd6 Rc8 37. Rd8+ Rxd8
38. Bxd8 e4 39. Kc2 e3 40. Kd3 e2 41. Ba5 1-0

[Event "Tata Steel-B 74th"]
[Site "Wijk aan Zee"]
[Date "2012.01.20"]
[Round "6"]
[White "Bruzon Batista, Lazaro"]
[Black "Cmilyte, Viktorija"]
[Result "1-0"]
[WhiteElo "2691"]
[BlackElo "2503"]
[Annotator "Let's Check"]
[PlyCount "149"]
[EventDate "2012.01.14"]
[EventType "tourn"]
[EventRounds "13"]
[EventCountry "NED"]
[EventCategory "15"]
[SourceTitle "CBM 147"]
[Source "ChessBase"]
[SourceDate "2012.03.16"]
[SourceVersion "1"]
[SourceVersionDate "2012.03.16"]
[SourceQuality "1"]

1. e4 c5 2. Nf3 d6 3. d4 Nf6 4. Nc3 cxd4 5. Nxd4 g6 6. Be3 Bg7 7. f3 O-O 8. Qd2
Nc6 9. Bc4 Bd7 10. h4 h5 11. O-O-O Ne5 12. Bb3 Rc8 13. Kb1 Nc4 14. Bxc4 Rxc4
15. Nde2 Qc7 16. Bd4 Be6 17. b3 Rc6 18. Nb5 Qd7 19. Bb2 Rfc8 20. c4 Rc5 21.
Nxa7 Ra8 22. Nb5 d5 23. cxd5 Rxd5 24. Nbd4 Rd6 25. Qe3 Ne8 26. Rd2 Qd8 27. Rhd1
Qa5 28. Nc3 Bd7 29. Qg5 b5 30. a3 Bf6 31. Qc5 Rc8 32. Qb4 Qxb4 33. axb4 Nc7 34.
g3 Bxd4 35. Rxd4 Rxd4 36. Rxd4 Be6 37. Kc2 Na6 38. Bc1 f6 39. Kb2 Rb8 40. Bf4
Rb7 41. Rd8+ Kg7 42. Ka3 Nc5 43. Be3 $2 (43. bxc5 b4+ 44. Ka4 $18) 43... Nd7
$14 44. f4 Nb8 45. Bc5 Nc6 46. Ra8 Kf7 47. Ra6 Bd7 48. Kb2 Nb8 49. Ra1 Bc6 50.
e5 fxe5 51. fxe5 Ke6 52. Re1 Nd7 53. Bd4 Bf3 54. Re3 Bg4 55. Ne4 Kd5 56. Bc3
Rb8 57. e6 Bxe6 58. Nf2 Bf5 59. Rxe7 Kd6 60. Re1 Rf8 61. Bd4 Kc6 62. Nd1 Bg4
63. Nc3 Rf3 64. Ra1 Rd3 65. Ra6+ Kb7 66. Rd6 Rxg3 $6 (66... Bf5 67. Nxb5 Rxg3
$11) 67. Rxg6 $18 Rh3 68. Nxb5 Rxh4 69. Nd6+ Kc7 70. b5 Rh2+ 71. Ka3 Bf3 72.
b6+ Kd8 73. Be3 Ne5 74. Rg7 Rg2 75. b7 $1 1-0